| 000 | 00895cam a22002411 4500 | ||
|---|---|---|---|
| 001 | sa 67000245 | ||
| 003 | DLC | ||
| 005 | 20260227112313.0 | ||
| 008 | 861104s1965 ii 000 0 eng | ||
| 010 | _asa 67000245 | ||
| 025 | _aPL480:I-E-6504 | ||
| 035 | _a(OCoLC)14631096 | ||
| 040 |
_aDLC _cWaU _dDLC |
||
| 042 | _apremarc | ||
| 050 | 0 | 0 |
_aHE1783.I4 _bA473 |
| 110 | 1 |
_aIndia (Republic). _bRailway Inspectorate. |
|
| 245 | 1 | 0 |
_aRailway accident; _breport on derailment of no. 4 NM down passenger between Bamhnibanjar and Mandla Fort stations (South Eastern Railway) on 12th December 1961. |
| 260 |
_aDelhi, _bManager of Publications, _c1965. |
||
| 300 |
_a11 p. _c33 cm. |
||
| 500 | _aCover title. | ||
| 650 | 0 |
_aRailroad accidents _zIndia _vCase studies. |
|
| 740 | 0 | _aReport on derailment of no. 4 NM down passenger between Bamhnibanjar and Mandla Fort stations (South Eastern Railway) | |
| 999 |
_c71849 _d71849 |
||